000 00280nam a2200133 i 4500
001 bg
245 0 _aElektronika aljumosilikatov.
260 _aMoskva,
_c1971.
040 _cBPK
041 _apol
080 _a669.7
942 _cKS
008 s pl f |000 0 pol
999 _c14905
_d14905
856 _uhttp://koha.tu.koszalin.pl/cgi-bin/koha/opac-detail.pl?biblionumber=14905
_yKatalog online BPK